[Event "DVM U12 2022"]
[Site "München GER"]
[Date "2022.12.29"]
[Round "5"]
[White "Wünsche, Jonathan"]
[Black "Borchers, Julius"]
[Result "1-0"]
[Termination "normal"]
[Board "9.4"]
[WhiteElo "1068"]
[BlackElo "1003"]
[WhiteClock "00:17:02"]
[BlackClock "01:03:42"]
[WhiteTeam "Barnimer Schachfreunde im SV Stahl Finow"]
[BlackTeam "SV Dresden-Striesen 1990"]
[PlyCount "125"]
[WhiteFideId "34602836"]
[BlackFideId "34640410"]
[EventCountry "GER"]
[EventRounds "7"]
[EventType "team-swiss"]
[EventDate "2022.12.26"]

1. e4 {[%clk 01:30:58]} {[%emt 00:00:01]} e5 {[%clk 01:30:44]} {[%emt
00:00:16]} 2. Nf3 {[%clk 01:31:22]} {[%emt 00:00:06]} Nc6 {[%clk 01:30:45]}
{[%emt 00:00:29]} 3. Bc4 {[%clk 01:31:45]} {[%emt 00:00:07]} Nf6 {[%clk
01:31:09]} {[%emt 00:00:06]} 4. d3 {[%clk 01:31:33]} {[%emt 00:00:42]} Bc5
{[%clk 01:31:00]} {[%emt 00:00:39]} 5. Nc3 {[%clk 01:30:57]} {[%emt 00:01:05]}
d6 {[%clk 01:30:34]} {[%emt 00:00:57]} 6. h3 {[%clk 01:30:58]} {[%emt
00:00:28]} h6 {[%clk 01:30:47]} {[%emt 00:00:17]} 7. Be3 {[%clk 01:30:11]}
{[%emt 00:01:16]} Nd4 {[%clk 01:29:38]} {[%emt 00:01:40]} 8. Bxd4 {[%clk
01:24:37]} {[%emt 00:06:04]} exd4 {[%clk 01:28:40]} {[%emt 00:01:28]} 9. Nd5
{[%clk 01:12:33]} {[%emt 00:12:33]} c6 {[%clk 01:28:20]} {[%emt 00:00:51]} 10.
Nxf6 {[%clk 01:05:25]} {[%emt 00:07:37]} Qxf6 {[%clk 01:28:01]} {[%emt
00:00:50]} 11. Qe2 {[%clk 01:05:04]} {[%emt 00:00:51]} Bb4 {[%clk 01:26:10]}
{[%emt 00:02:21]} 12. Nd2 {[%clk 01:00:06]} {[%emt 00:05:28]} O-O {[%clk
01:25:37]} {[%emt 00:01:03]} 13. h4 {[%clk 00:55:37]} {[%emt 00:04:59]} Re8
{[%clk 01:25:13]} {[%emt 00:00:54]} 14. a3 {[%clk 00:48:59]} {[%emt 00:07:08]}
Bxd2 {[%clk 01:22:45]} {[%emt 00:02:57]} 15. Qxd2 {[%clk 00:48:36]} {[%emt
00:00:52]} d5 {[%clk 01:23:00]} {[%emt 00:00:16]} 16. Bb3 {[%clk 00:47:19]}
{[%emt 00:01:47]} a5 {[%clk 01:22:54]} {[%emt 00:00:36]} 17. f3 {[%clk
00:46:44]} {[%emt 00:01:05]} a4 {[%clk 01:22:57]} {[%emt 00:00:27]} 18. Ba2
{[%clk 00:47:03]} {[%emt 00:00:11]} b5 {[%emt 00:00:26]} 19. g4 {[%emt
00:00:51]} Qd6 {[%clk 01:21:16]} {[%emt 00:02:11]} 20. g5 {[%clk 00:36:14]}
{[%emt 00:11:01]} Qg3 {[%clk 01:20:05]} {[%emt 00:01:42]} 21. Qf2 {[%clk
00:32:28]} {[%emt 00:04:15]} Qxf2 {[%clk 01:19:37]} {[%emt 00:00:59]} 22. Kxf2
{[%clk 00:32:49]} {[%emt 00:00:09]} Re6 {[%clk 01:18:08]} {[%emt 00:01:58]} 23.
Rae1 {[%clk 00:32:49]} {[%emt 00:00:30]} hxg5 {[%clk 01:17:52]} {[%emt
00:00:46]} 24. hxg5 {[%clk 00:33:08]} {[%emt 00:00:11]} Bb7 {[%clk 01:12:57]}
{[%emt 00:05:25]} 25. f4 {[%clk 00:30:06]} {[%emt 00:03:33]} g6 {[%clk
01:11:18]} {[%emt 00:02:09]} 26. e5 {[%clk 00:28:42]} {[%emt 00:01:54]} Kg7
{[%clk 01:10:52]} {[%emt 00:00:56]} 27. Rh2 {[%clk 00:27:54]} {[%emt 00:01:17]}
Ree8 {[%clk 01:10:54]} {[%emt 00:00:28]} 28. c4 {[%clk 00:24:48]} {[%emt
00:03:36]} Rh8 {[%clk 01:10:43]} {[%emt 00:00:42]} 29. Reh1 {[%clk 00:24:17]}
{[%emt 00:01:01]} dxc4 {[%clk 01:10:49]} {[%emt 00:00:23]} 30. dxc4 {[%clk
00:24:28]} {[%emt 00:00:19]} c5 {[%clk 01:10:47]} {[%emt 00:00:31]} 31. Rxh8
{[%clk 00:24:28]} {[%emt 00:00:30]} Bxh1 {[%clk 01:07:00]} {[%emt 00:04:18]}
32. Rxh1 {[%clk 00:24:47]} {[%emt 00:00:11]} b4 {[%clk 01:07:23]} {[%emt
00:00:07]} 33. axb4 {[%clk 00:24:00]} {[%emt 00:01:16]} cxb4 {[%clk 01:07:41]}
{[%emt 00:00:12]} 34. c5 {[%clk 00:21:59]} {[%emt 00:02:32]} b3 {[%clk
01:07:22]} {[%emt 00:00:49]} 35. Bxb3 {[%clk 00:20:01]} {[%emt 00:02:27]} axb3
{[%clk 01:07:40]} {[%emt 00:00:12]} 36. c6 {[%clk 00:19:51]} {[%emt 00:00:40]}
Ra2 {[%clk 01:06:50]} {[%emt 00:01:20]} 37. Rb1 {[%clk 00:20:05]} {[%emt
00:00:16]} Ra8 {[%clk 01:06:53]} {[%emt 00:00:25]} 38. c7 {[%clk 00:19:54]}
{[%emt 00:00:43]} Rc8 {[%clk 01:06:48]} {[%emt 00:00:35]} 39. Rc1 {[%clk
00:19:57]} {[%emt 00:00:27]} Kf8 {[%clk 01:06:42]} {[%emt 00:00:35]} 40. Ke2
{[%clk 00:19:30]} {[%emt 00:00:57]} Ke7 {[%clk 01:06:36]} {[%emt 00:00:36]} 41.
Kd3 {[%clk 00:19:36]} {[%emt 00:00:23]} Kd7 {[%clk 01:05:45]} {[%emt 00:01:21]}
42. Kxd4 {[%clk 00:19:52]} {[%emt 00:00:14]} Ke6 {[%clk 01:06:07]} {[%emt
00:00:09]} 43. Rc6 {[%clk 00:19:47]} {[%emt 00:00:34]} Ke7 {[%clk 01:04:03]}
{[%emt 00:02:34]} 44. Kd5 {[%clk 00:17:20]} {[%emt 00:02:57]} Kd7 {[%clk
01:03:53]} {[%emt 00:00:41]} 45. Rd6 {[%clk 00:17:23]} {[%emt 00:00:27]} Kxc7
{[%clk 01:03:30]} {[%emt 00:00:52]} 46. Rc6 {[%clk 00:17:38]} {[%emt 00:00:16]}
Kb7 {[%clk 01:03:55]} {[%emt 00:00:05]} 47. Rxc8 {[%clk 00:17:56]} {[%emt
00:00:11]} Kxc8 {[%clk 01:04:17]} {[%emt 00:00:08]} 48. e6 {[%clk 00:18:12]}
{[%emt 00:00:14]} fxe6 {[%clk 01:04:25]} {[%emt 00:00:22]} 49. Kxe6 {[%clk
00:18:33]} {[%emt 00:00:09]} Kc7 {[%clk 01:04:29]} {[%emt 00:00:27]} 50. f5
{[%clk 00:18:36]} {[%emt 00:00:27]} gxf5 {[%clk 01:03:12]} {[%emt 00:01:47]}
51. g6 {[%clk 00:19:02]} {[%emt 00:00:04]} Kc6 {[%clk 01:01:41]} {[%emt
00:02:00]} 52. g7 {[%clk 00:19:22]} {[%emt 00:00:11]} Kc5 {[%clk 01:01:44]}
{[%emt 00:00:27]} 53. g8=Q {[%emt 00:00:16]} Kb4 {[%clk 01:01:48]} {[%emt
00:00:23]} 54. Kxf5 {[%clk 00:19:41]} {[%emt 00:00:27]} Kc5 {[%clk 01:01:58]}
{[%emt 00:00:20]} 55. Qxb3 {[%clk 00:19:56]} {[%emt 00:00:15]} Kc6 {[%clk
01:02:17]} {[%emt 00:00:11]} 56. Qd3 {[%clk 00:19:51]} {[%emt 00:00:36]} Kc7
{[%clk 01:02:33]} {[%emt 00:00:14]} 57. Qb5 {[%clk 00:18:37]} {[%emt 00:01:43]}
Kd6 {[%clk 01:02:50]} {[%emt 00:00:13]} 58. Kf6 {[%clk 00:17:51]} {[%emt
00:01:16]} Kc7 {[%clk 01:03:05]} {[%emt 00:00:14]} 59. Ke6 {[%emt 00:01:16]}
Kc8 {[%clk 01:03:19]} 60. Qd7 {[%clk 00:17:23]} {[%emt 00:00:29]} Kb8 {[%clk
01:03:42]} {[%emt 00:00:06]} 61. Kd6 {[%clk 00:17:02]} {[%emt 00:01:09]} Ka8
{[%clk 01:03:42]} {[%emt 00:00:09]} 62. Kc6 {[%clk 00:17:02]} {[%emt 00:00:25]}
Kb8 {[%clk 01:03:42]} {[%emt 00:00:06]} 63. Qb7# {[%clk 00:17:02]} {[%emt
00:00:09]} 1-0

[Event "DVM U12 2022"]
[Site "München GER"]
[Date "2022.12.29"]
[Round "5"]
[White "Kulkovets, Roman"]
[Black "Halich, Jan Finnian"]
[Result "1/2-1/2"]
[Termination "normal"]
[Board "10.1"]
[WhiteElo "1509"]
[BlackElo "1182"]
[WhiteTeam "Heilbronner SV"]
[BlackTeam "SV Werder Bremen"]
[PlyCount "92"]
[WhiteFideId "34119272"]
[BlackFideId "34623710"]
[EventCountry "GER"]
[EventRounds "7"]
[EventType "team-swiss"]
[EventDate "2022.12.26"]

1. e4 e6 2. d4 d5 3. Nd2 c5 4. exd5 exd5 5. dxc5 Bxc5 6. Ngf3 Nc6 7. Be2 Nf6 8.
O-O O-O 9. Nb3 Be7 10. c3 h6 11. Nbd4 Bc5 12. Be3 Qb6 13. b4 Bxd4 14. Bxd4 Nxd4
15. Nxd4 a5 16. a3 Be6 17. Bf3 Rad8 18. Qd3 Qc7 19. Rfe1 Rfe8 20. Ra2 Qc4 21.
Qxc4 dxc4 22. Bxb7 Bd5 23. Rxe8 Rxe8 24. f3 Bxb7 25. bxa5 Ra8 26. Rb2 Bd5 27.
Rb5 Be6 28. Nc6 Bd7 29. Rb8 Rxb8 30. Nxb8 Bc8 31. Nc6 Kf8 32. Kf2 Nd5 33. Ne5
Ba6 34. Nd7 Ke7 35. Nc5 Bc8 36. a6 Nc7 37. a7 Kd6 38. Na4 Kc6 39. Ke3 Kb7 40.
Kd4 Be6 41. Nc5 Kxa7 42. a4 Kb6 43. Nxe6 Nxe6 44. Kxc4 Ka5 45. Kd5 Kxa4 46. Kd6
Kb3 1/2-1/2

[Event "DVM U12 2022"]
[Site "München GER"]
[Date "2022.12.29"]
[Round "5"]
[White "Haug, Niklas Alexander"]
[Black "Wolff, Calvin"]
[Result "0-1"]
[Termination "normal"]
[Board "10.2"]
[WhiteElo "1041"]
[BlackElo "1429"]
[WhiteTeam "SV Werder Bremen"]
[BlackTeam "Heilbronner SV"]
[PlyCount "54"]
[WhiteFideId "34640444"]
[BlackFideId "16269969"]
[EventCountry "GER"]
[EventRounds "7"]
[EventType "team-swiss"]
[EventDate "2022.12.26"]

1. e4 e5 2. Nf3 Nc6 3. Nc3 Nf6 4. Bc4 Bc5 5. d3 a6 6. O-O d6 7. Bg5 Bg4 8. Bxf6
gxf6 9. Nd5 Nd4 10. c3 Nxf3 11. gxf3 Bh3 12. Re1 Rg8 13. Kh1 Bg2 14. Kg1 Bxf3
15. Kf1 Bxd1 16. Raxd1 c6 17. Ne3 Bxe3 18. Rxe3 Qd7 19. b3 Qg4 20. Rg3 Qxd1 21.
Kg2 Rxg3 22. hxg3 b5 23. d4 bxc4 24. dxe5 dxe5 25. bxc4 Rb8 26. c5 Rb1 27. c4
Qh1# 0-1

[Event "DVM U12 2022"]
[Site "München GER"]
[Date "2022.12.29"]
[Round "5"]
[White "Arndt, Niklas"]
[Black "Jablonski, Ture"]
[Result "1/2-1/2"]
[Termination "normal"]
[Board "10.3"]
[WhiteElo "1171"]
[BlackElo "1038"]
[WhiteTeam "Heilbronner SV"]
[BlackTeam "SV Werder Bremen"]
[PlyCount "68"]
[WhiteFideId "34640380"]
[BlackFideId "34640452"]
[EventCountry "GER"]
[EventRounds "7"]
[EventType "team-swiss"]
[EventDate "2022.12.26"]

1. e4 c5 2. Nf3 Nc6 3. Bb5 d6 4. Nc3 g6 5. d4 cxd4 6. Qxd4 Nf6 7. Bg5 Bg7 8.
O-O O-O 9. Bxc6 bxc6 10. Rfe1 Qb6 11. Qc4 Be6 12. Qd3 Ng4 13. Bxe7 Qxf2 14. Kh1
Qxe1 15. Nxe1 Nf2 16. Kg1 Nxd3 17. Bxf8 Nxe1 18. Bxg7 Nxc2 19. Rd1 Kxg7 20.
Rxd6 Rb8 21. b3 Nb4 22. a3 Nc2 23. a4 Rc8 24. e5 Bxb3 25. Rd7 a6 26. Ne4 Bxa4
27. e6 c5 28. Rxf7 Kh6 29. g4 g5 30. Rf6 Kg7 31. Rf7 Kg6 32. Rf6 Kg7 33. Rf7
Kg6 34. Rf6 Kg7 1/2-1/2

[Event "DVM U12 2022"]
[Site "München GER"]
[Date "2022.12.29"]
[Round "5"]
[White "Plath, Erik"]
[Black "Mast, Noah Ben"]
[Result "0-1"]
[Termination "normal"]
[Board "10.4"]
[WhiteElo "927"]
[BlackElo "1122"]
[WhiteTeam "SV Werder Bremen"]
[BlackTeam "Heilbronner SV"]
[PlyCount "78"]
[WhiteFideId "34608206"]
[BlackFideId "34632042"]
[EventCountry "GER"]
[EventRounds "7"]
[EventType "team-swiss"]
[EventDate "2022.12.26"]

1. e4 e5 2. Nf3 Nc6 3. c3 Nf6 4. d4 Bd6 5. d5 Ne7 6. Bd3 O-O 7. Bg5 Ng6 8. Nbd2
Be7 9. Nc4 Nxd5 10. exd5 Bxg5 11. Nxg5 Qxg5 12. O-O d6 13. Re1 Nf4 14. g3 Bh3
15. Bf1 Bg4 16. Qb3 Qh5 17. h4 Ne2 18. Bxe2 Bxe2 19. Ne3 f5 20. Qc2 Bf3 21. Nf1
f4 22. Qd3 e4 23. Qd2 e3 24. fxe3 fxg3 25. Nxg3 Qxh4 26. Qh2 Qxh2 27. Kxh2 Bxd5
28. Rf1 Rfe8 29. Rae1 Bxa2 30. Rg1 Re6 31. Nf5 g6 32. Nh6 Kg7 33. Nf5 Kh8 34.
Nh4 Rae8 35. Rg3 Re4 36. Rh3 Rg8 37. Rg1 Be6 38. Nxg6 Rxg6 39. Rxg6 Bxh3 0-1

[Event "DVM U12 2022"]
[Site "München GER"]
[Date "2022.12.29"]
[Round "6"]
[White "Shen, Tingrui"]
[Black "Klein, Levent"]
[Result "1/2-1/2"]
[Termination "normal"]
[Board "1.1"]
[WhiteElo "1643"]
[BlackElo "1584"]
[WhiteClock "00:31:16"]
[BlackClock "00:13:57"]
[WhiteTeam "TV Tegernsee"]
[BlackTeam "SG Kaiserslautern 1905"]
[PlyCount "72"]
[WhiteFideId "34603441"]
[BlackFideId "34611274"]
[EventCountry "GER"]
[EventRounds "7"]
[EventType "team-swiss"]
[EventDate "2022.12.26"]

1. e4 {[%clk 01:30:32]} {[%emt 00:00:26]} e6 {[%clk 01:30:54]} {[%emt
00:00:07]} 2. d4 {[%clk 01:30:27]} {[%emt 00:00:34]} d5 {[%clk 01:31:18]}
{[%emt 00:00:07]} 3. e5 {[%clk 01:29:25]} {[%emt 00:01:32]} c5 {[%clk
01:31:41]} {[%emt 00:00:08]} 4. c3 {[%clk 01:29:44]} {[%emt 00:00:11]} Nc6
{[%clk 01:31:50]} {[%emt 00:00:20]} 5. Nf3 {[%clk 01:29:14]} {[%emt 00:00:59]}
Qb6 {[%clk 01:31:29]} {[%emt 00:00:52]} 6. a3 {[%clk 01:28:56]} {[%emt
00:00:48]} a5 {[%clk 01:30:22]} {[%emt 00:01:36]} 7. Bd3 {[%clk 01:25:30]}
{[%emt 00:03:57]} Bd7 {[%clk 01:27:06]} {[%emt 00:03:47]} 8. Bc2 {[%clk
01:25:14]} {[%emt 00:00:44]} Nge7 {[%clk 01:24:15]} {[%emt 00:03:21]} 9. O-O
{[%clk 01:23:28]} {[%emt 00:02:15]} cxd4 {[%clk 01:21:37]} {[%emt 00:03:09]}
10. cxd4 {[%clk 01:23:45]} {[%emt 00:00:12]} Nf5 {[%clk 01:21:47]} {[%emt
00:00:22]} 11. Bxf5 {[%clk 01:22:23]} {[%emt 00:01:52]} exf5 {[%clk 01:22:12]}
{[%emt 00:00:06]} 12. Nc3 {[%clk 01:20:34]} {[%emt 00:02:17]} Be6 {[%clk
01:22:10]} {[%emt 00:00:32]} 13. Qd3 {[%clk 01:14:50]} {[%emt 00:06:13]} Be7
{[%clk 01:15:49]} {[%emt 00:06:52]} 14. Rd1 {[%clk 01:08:53]} {[%emt 00:06:26]}
O-O {[%clk 01:10:03]} {[%emt 00:06:18]} 15. Bg5 {[%clk 01:07:49]} {[%emt
00:01:33]} Bxg5 {[%clk 01:09:33]} {[%emt 00:01:00]} 16. Nxg5 {[%clk 01:06:49]}
{[%emt 00:01:30]} Qd8 {[%clk 01:03:20]} {[%emt 00:06:43]} 17. Nxe6 {[%clk
01:02:48]} {[%emt 00:04:31]} fxe6 {[%clk 01:03:38]} {[%emt 00:00:11]} 18. Rac1
{[%clk 01:02:42]} {[%emt 00:00:35]} b6 {[%clk 00:58:55]} {[%emt 00:05:15]} 19.
Nb5 {[%clk 01:00:25]} {[%emt 00:02:47]} Qd7 {[%clk 00:54:16]} {[%emt 00:05:07]}
20. Nd6 {[%clk 00:58:21]} {[%emt 00:02:35]} Na7 {[%clk 00:49:25]} {[%emt
00:05:21]} 21. Qc2 {[%clk 00:54:41]} {[%emt 00:04:10]} Nc8 {[%clk 00:36:13]}
{[%emt 00:13:42]} 22. Qc6 {[%clk 00:52:38]} {[%emt 00:02:34]} Qxc6 {[%clk
00:25:52]} {[%emt 00:10:51]} 23. Rxc6 {[%clk 00:52:38]} {[%emt 00:00:28]} Nxd6
{[%clk 00:25:54]} {[%emt 00:00:30]} 24. Rxd6 {[%clk 00:52:14]} {[%emt
00:00:54]} Rfe8 {[%clk 00:24:37]} {[%emt 00:01:48]} 25. Rxb6 {[%clk 00:51:14]}
{[%emt 00:01:31]} Rab8 {[%clk 00:24:45]} {[%emt 00:00:22]} 26. Rxb8 {[%clk
00:44:18]} {[%emt 00:07:25]} Rxb8 {[%clk 00:25:00]} {[%emt 00:00:15]} 27. Rd2
{[%clk 00:44:23]} {[%emt 00:00:25]} Kf7 {[%clk 00:23:03]} {[%emt 00:02:28]} 28.
Rc2 {[%clk 00:43:53]} {[%emt 00:00:59]} Rb7 {[%clk 00:22:08]} {[%emt 00:01:25]}
29. Kf1 {[%clk 00:43:08]} {[%emt 00:01:16]} g5 {[%clk 00:22:11]} {[%emt
00:00:26]} 30. Ke2 {[%clk 00:42:22]} {[%emt 00:01:15]} f4 {[%clk 00:22:16]}
{[%emt 00:00:26]} 31. f3 {[%clk 00:38:29]} {[%emt 00:04:23]} Kg6 {[%clk
00:21:56]} {[%emt 00:00:50]} 32. h3 {[%clk 00:36:17]} {[%emt 00:02:43]} h5
{[%clk 00:21:44]} {[%emt 00:00:41]} 33. Kf2 {[%clk 00:34:20]} {[%emt 00:02:19]}
Kf5 {[%clk 00:17:20]} {[%emt 00:05:03]} 34. Ke2 {[%clk 00:32:11]} {[%emt
00:02:39]} g4 {[%clk 00:16:08]} {[%emt 00:01:42]} 35. h4 {[%clk 00:31:49]}
{[%emt 00:00:52]} Rb3 {[%clk 00:15:00]} {[%emt 00:01:38]} 36. Rd2 {[%clk
00:31:16]} {[%emt 00:01:02]} Re3 {[%clk 00:13:57]} {[%emt 00:01:33]} 1/2-1/2

[Event "DVM U12 2022"]
[Site "München GER"]
[Date "2022.12.29"]
[Round "6"]
[White "Arne, Jonas"]
[Black "Limmer, Marco"]
[Result "1/2-1/2"]
[Termination "normal"]
[Board "1.2"]
[WhiteElo "1394"]
[BlackElo "1843"]
[WhiteClock "00:28:12"]
[BlackClock "00:36:16"]
[WhiteTeam "SG Kaiserslautern 1905"]
[BlackTeam "TV Tegernsee"]
[PlyCount "44"]
[WhiteFideId "34640398"]
[BlackFideId "34603506"]
[EventCountry "GER"]
[EventRounds "7"]
[EventType "team-swiss"]
[EventDate "2022.12.26"]

1. c4 {[%clk 01:30:59]} {[%emt 02:08:47]} e6 {[%clk 01:30:45]} {[%emt
00:00:15]} 2. Nc3 {[%clk 01:31:22]} {[%emt 00:00:07]} c5 {[%clk 01:30:27]}
{[%emt 00:00:48]} 3. g3 {[%clk 01:30:29]} {[%emt 00:01:23]} Nf6 {[%clk
01:29:18]} {[%emt 00:01:39]} 4. Bg2 {[%clk 01:30:32]} {[%emt 00:00:27]} Nc6
{[%clk 01:28:06]} {[%emt 00:01:42]} 5. Nf3 {[%clk 01:29:49]} {[%emt 00:01:13]}
Be7 {[%clk 01:26:47]} {[%emt 00:01:49]} 6. d3 {[%clk 01:28:43]} {[%emt
00:01:35]} O-O {[%clk 01:25:51]} {[%emt 00:01:26]} 7. O-O {[%clk 01:29:06]}
{[%emt 00:00:07]} d5 {[%clk 01:24:44]} {[%emt 00:01:37]} 8. cxd5 {[%clk
01:23:55]} {[%emt 00:05:40]} exd5 {[%clk 01:23:22]} {[%emt 00:01:53]} 9. d4
{[%clk 01:23:03]} {[%emt 00:01:21]} b6 {[%clk 01:20:04]} {[%emt 00:03:49]} 10.
dxc5 {[%clk 01:14:00]} {[%emt 00:09:32]} bxc5 {[%clk 01:19:34]} {[%emt
00:01:00]} 11. Ne1 {[%clk 01:10:13]} {[%emt 00:04:17]} Be6 {[%clk 01:17:53]}
{[%emt 00:02:11]} 12. Nd3 {[%clk 01:06:33]} {[%emt 00:04:09]} Rc8 {[%clk
01:14:07]} {[%emt 00:04:17]} 13. Nf4 {[%clk 01:02:02]} {[%emt 00:05:01]} d4
{[%clk 01:11:42]} {[%emt 00:02:55]} 14. Ne4 {[%clk 00:59:46]} {[%emt 00:02:46]}
Nd5 {[%clk 01:07:03]} {[%emt 00:05:10]} 15. Bd2 {[%clk 00:56:44]} {[%emt
00:03:30]} Qd7 {[%clk 01:01:28]} {[%emt 00:06:06]} 16. Nxe6 {[%clk 00:53:27]}
{[%emt 00:03:47]} fxe6 {[%clk 00:59:47]} {[%emt 00:02:11]} 17. Rc1 {[%clk
00:52:52]} {[%emt 00:01:04]} Nd8 {[%clk 00:58:04]} {[%emt 00:02:13]} 18. b3
{[%clk 00:48:50]} {[%emt 00:04:32]} Nb7 {[%clk 00:52:30]} {[%emt 00:06:04]} 19.
Qc2 {[%clk 00:38:48]} {[%emt 00:10:32]} h6 {[%clk 00:46:24]} {[%emt 00:06:36]}
20. e3 {[%clk 00:36:15]} {[%emt 00:03:02]} e5 {[%clk 00:43:39]} {[%emt
00:03:15]} 21. exd4 {[%clk 00:33:49]} {[%emt 00:02:56]} cxd4 {[%clk 00:37:52]}
{[%emt 00:06:17]} 22. Qb1 {[%clk 00:28:12]} {[%emt 00:06:07]} Nc5 {[%clk
00:36:16]} {[%emt 00:02:06]} 1/2-1/2

[Event "DVM U12 2022"]
[Site "München GER"]
[Date "2022.12.29"]
[Round "6"]
[White "Greive, Jakob"]
[Black "Klein, Deniz"]
[Result "1-0"]
[Termination "normal"]
[Board "1.3"]
[WhiteElo "1600"]
[BlackElo "1362"]
[WhiteClock "00:42:31"]
[BlackClock "00:49:12"]
[WhiteTeam "TV Tegernsee"]
[BlackTeam "SG Kaiserslautern 1905"]
[PlyCount "74"]
[WhiteFideId "34603476"]
[BlackFideId "34611282"]
[EventCountry "GER"]
[EventRounds "7"]
[EventType "team-swiss"]
[EventDate "2022.12.26"]

1. e4 {[%clk 01:30:55]} {[%emt 00:00:02]} c5 {[%clk 01:30:55]} {[%emt
00:00:07]} 2. Nf3 {[%clk 01:31:14]} {[%emt 00:00:11]} d6 {[%clk 01:31:07]}
{[%emt 00:00:18]} 3. c3 {[%clk 01:31:03]} {[%emt 00:00:41]} Nf6 {[%clk
01:30:51]} {[%emt 00:00:47]} 4. Bc4 {[%emt 00:02:59]} Nxe4 {[%clk 01:28:45]}
{[%emt 00:00:25]} 5. Qa4 {[%clk 01:31:04]} {[%emt 00:00:10]} Nd7 {[%clk
01:25:42]} {[%emt 00:03:33]} 6. Bxf7 {[%clk 01:30:51]} {[%emt 00:00:43]} Kxf7
{[%clk 01:25:59]} {[%emt 00:00:13]} 7. Qxe4 {[%clk 01:31:07]} {[%emt 00:00:13]}
Ke8 {[%clk 01:19:47]} {[%emt 00:06:42]} 8. Ng5 {[%clk 01:24:20]} {[%emt
00:07:17]} Ne5 {[%clk 01:11:51]} {[%emt 00:08:26]} 9. d4 {[%clk 01:21:36]}
{[%emt 00:03:13]} cxd4 {[%clk 01:11:32]} {[%emt 00:00:50]} 10. cxd4 {[%clk
01:21:23]} {[%emt 00:00:42]} Nf7 {[%clk 01:10:41]} {[%emt 00:01:21]} 11. Nxh7
{[%clk 01:16:47]} {[%emt 00:05:07]} Qa5 {[%clk 01:08:44]} {[%emt 00:02:26]} 12.
Nc3 {[%clk 01:15:44]} {[%emt 00:01:32]} Qh5 {[%clk 01:08:04]} {[%emt 00:01:11]}
13. Nxf8 {[%clk 01:14:53]} {[%emt 00:01:20]} Kxf8 {[%clk 01:05:33]} {[%emt
00:03:02]} 14. Nd5 {[%clk 01:05:47]} {[%emt 00:09:36]} Qh4 {[%clk 01:02:29]}
{[%emt 00:03:33]} 15. Nf4 {[%clk 00:58:21]} {[%emt 00:07:53]} Ke8 {[%clk
00:57:04]} {[%emt 00:05:59]} 16. g3 {[%clk 00:56:28]} {[%emt 00:02:24]} Qg4
{[%clk 00:56:13]} {[%emt 00:01:20]} 17. f3 {[%clk 00:55:16]} {[%emt 00:01:42]}
Qf5 {[%clk 00:55:48]} {[%emt 00:00:53]} 18. Nd5 {[%clk 00:51:35]} {[%emt
00:04:12]} Qxe4 {[%clk 00:53:37]} {[%emt 00:02:41]} 19. fxe4 {[%clk 00:50:43]}
{[%emt 00:01:23]} Kd7 {[%clk 00:53:43]} {[%emt 00:00:23]} 20. Rf1 {[%clk
00:48:52]} {[%emt 00:02:20]} Nh6 {[%clk 00:52:49]} {[%emt 00:01:26]} 21. Bxh6
{[%clk 00:48:43]} {[%emt 00:00:38]} gxh6 {[%clk 00:52:59]} {[%emt 00:00:20]}
22. Rf7 {[%clk 00:47:47]} {[%emt 00:01:25]} Re8 {[%clk 00:49:33]} {[%emt
00:03:57]} 23. Rh7 {[%clk 00:46:33]} {[%emt 00:01:44]} b6 {[%clk 00:49:19]}
{[%emt 00:00:45]} 24. Nf6 {[%clk 00:46:49]} {[%emt 00:00:14]} Kd8 {[%clk
00:49:05]} {[%emt 00:00:44]} 25. Nxe8 {[%clk 00:45:52]} {[%emt 00:01:26]} Kxe8
{[%clk 00:49:29]} {[%emt 00:00:06]} 26. Rxh6 {[%clk 00:46:10]} {[%emt
00:00:13]} Bb7 {[%clk 00:49:31]} {[%emt 00:00:28]} 27. Rh8 {[%clk 00:45:37]}
{[%emt 00:01:03]} Kd7 {[%clk 00:49:44]} {[%emt 00:00:16]} 28. Rxa8 {[%clk
00:45:56]} {[%emt 00:00:10]} Bxa8 {[%clk 00:50:10]} {[%emt 00:00:05]} 29. d5
{[%clk 00:46:03]} {[%emt 00:00:24]} e6 {[%clk 00:50:19]} {[%emt 00:00:21]} 30.
Rd1 {[%clk 00:46:11]} {[%emt 00:00:21]} Ke7 {[%clk 00:50:28]} {[%emt 00:00:21]}
31. Kf2 {[%clk 00:46:16]} {[%emt 00:00:25]} exd5 {[%clk 00:50:24]} {[%emt
00:00:35]} 32. exd5 {[%clk 00:46:19]} {[%emt 00:00:26]} Kf6 {[%clk 00:50:42]}
{[%emt 00:00:12]} 33. h4 {[%clk 00:45:53]} {[%emt 00:00:55]} Bb7 {[%clk
00:50:46]} {[%emt 00:00:27]} 34. Kf3 {[%clk 00:43:25]} {[%emt 00:02:58]} Bc8
{[%clk 00:50:33]} {[%emt 00:00:43]} 35. Kf4 {[%clk 00:42:58]} {[%emt 00:00:57]}
Kg6 {[%clk 00:50:48]} {[%emt 00:00:15]} 36. g4 {[%clk 00:42:43]} {[%emt
00:00:45]} Kh6 {[%clk 00:51:00]} {[%emt 00:00:18]} 37. Re1 {[%clk 00:42:31]}
{[%emt 00:00:41]} Kg6 {[%clk 00:49:12]} {[%emt 00:02:18]} 1-0